000 00654nam a2200181Ia 4500
008 100920s9999 xx 000 0 und d
082 _b15047
_a891.464 थ 64
100 _aबुवा वि.आ.
245 _aअगा जें घडलेंचि आहे.
260 _bभारतीय प्रकाशन मंदिर गिरगांव, मुंबई.
_c1964
300 _a104
_bसाधी
365 _b3
520 _aनिबंध.
630 _aअगा जें घडलेंचि आहे.
650 _aनिबंध.
730 _aअगा जें घडलेंचि आहे.
942 _cBOOK
999 _c678765
_d678762